000 00542nam a22001697a 4500
005 20251108165300.0
008 250721s2006 xx 000 0 ara d
082 1 4 _aم/415/سنه
100 1 _aالسنهوري، علي بن عبد الله بن علي نور الدين
245 1 0 _aشرج الأجرومية في علم العربية /
264 1 _aالقاهرة :
_bدار السلام،
_c2006.
300 _aج2
650 1 7 _aاللغه العربيه
650 1 7 _aقواعد اللغه
942 _2ddc
_cREF
999 _c24073
_d24073